00514nam a2200169Ia 4500008004100000020002900041040001900070041001200089082002500101100002400126245008400150260003100234300003000265650001700295651001400312850001800326131103s9999 xx 000 0 und d a0 590 90723 9cRs.120.00 aLoreto College aEnglish a920/FRAbLCBED/12377 aGold, Alison Leslie aMemories of Anne Frankb reflections of a childhood friend cAlison Leslie Gold aNew YorkbScholasticc1997 axiii,135p.b ill.c 21cm. aFrank, Anne  aBiography aLCBED/920/FRA